Laddar...

Discrete mathematics for computing

Bibliografiska uppgifter
Huvudupphovsman: Grossman, Peter
Materialtyp: Printed Book
Publicerad: Macmillan press Ltd,Hampshire 1995
Ämnen:
LEADER 00470nam a2200169 4500
082 |a 004 GRO-D 
100 |a Grossman, Peter 
245 |a Discrete mathematics for computing  |c Peter Grossman 
250
260 |a Macmillan press Ltd,Hampshire  |c 1995 
300
490
650 |a Computer science 
700
942 |c BK 
999 |c 203032  |d 203032 
952 |0 0  |1 0  |4 0  |6 004_000000000000000_GROD  |7 0  |9 216381  |a MAT  |b MAT  |l 0  |o 004 GRO-D  |p MAT4388  |r 2019-11-01  |w 2019-11-01  |y BK